000 00552nam a22002057a 4500
003 OSt
005 20140310182930.0
008 130131t xxu||||| |||| 00| 0 eng d
020 _a9712337057
050 _aPN 241
_b.Sa235 2003
082 _aFIL 499.21180221
_b.Sa5 2003
245 _aSining ng pagsasaling-wika (sa Filipino mula sa Ingles)
_cSantiago, Alfonso O.
260 _aManila
_bRex
_c2003
300 _a265 p.
_c25 cm.
521 _acollege students
526 _c1210L-1700L
541 _j1
562 _e1
942 _2lcc
_cBK
_kFIL
999 _c17519
_d17519